Recomendaciones para la edificación de archivos / Julio Enrique Simonet Barrio y la colaboración de Vicente Viñas Torner, Cristina Uson Finkenzeller, Fernando de la Ossa Díaz
Descripción Física:
73 p. ; 20 cm
Otros Autores:
Viñas Torner, Vicente
,
Uson Finkenzeller, Cristina
,
Ossa Díaz, Fernando de la I
,
Espanya. Dirección de Archivos Estatales
Materias:
Arxius (Edificis)
MARC
| LEADER | 00000nam a2200000Ia 4500 | ||
|---|---|---|---|
| 001 | 10437 | ||
| 008 | 160829s1992 xx 000 0 cat d | ||
| 080 | |a A-2-88 | ||
| 100 | |a Simonet Barrio, Julio Enrique |9 35294 | ||
| 245 | |a Recomendaciones para la edificación de archivos / Julio Enrique Simonet Barrio y la colaboración de Vicente Viñas Torner, Cristina Uson Finkenzeller, Fernando de la Ossa Díaz | ||
| 260 | |a Madrid : |b Ministerio de Cultura, Dirección de Archivos Estatales, |c 1992 | ||
| 300 | |a 73 p. ; |c 20 cm | ||
| 490 | |a Normas técnicas de la Dirección de Archivos Estatales ; 3 | ||
| 650 | |a Arxius (Edificis) |9 27036 | ||
| 700 | |a Viñas Torner, Vicente |9 35295 | ||
| 700 | |a Uson Finkenzeller, Cristina |9 35296 | ||
| 700 | |a Ossa Díaz, Fernando de la I |9 35297 | ||
| 700 | |a Espanya. Dirección de Archivos Estatales |9 35025 | ||
| 901 | |a Arxiu | ||
| 942 | |n 1 | ||
| 952 | |0 0 |1 0 |4 0 |6 A288 |7 1 |9 46848 |a Arxiu |b Arxiu |d 2016-12-01 |l 0 |o A-2-88 |p 10437 |r 2016-12-01 00:00:00 |w 2016-12-01 |y ARXIU | ||
| 999 | |c 50641 |d 50641 | ||